| 000 | 00589nam a2200217Ia 4500 | ||
|---|---|---|---|
| 999 |
_c4768 _d4768 |
||
| 020 | _a0-202-30664-X | ||
| 082 | _a306.7 GAG-S | ||
| 100 | _aGagnon, John H. | ||
| 245 | 0 | _aSexual conduct: the social sources of human sexuality | |
| 250 | _aII | ||
| 260 |
_aNew Brunswick _bAldine Transaction _c2005 |
||
| 300 | _axxvii, 348 | ||
| 440 | _aSocial problems and social issues | ||
| 504 | _aincludes bibliographical references and index | ||
| 650 | _aSex | ||
| 650 | _aSex instruction | ||
| 650 | _aSocialization | ||
| 650 | _aHomosexuality | ||
| 700 | _aSimon, William | ||
| 942 | _cBK | ||